000 01031cam a2200277 a 4500
001 480326
005 20220326193303.0
008 841018s1984 nyua b 001 0 eng
010 _a 84022708
020 _a0879235632
020 _a0879235640 (pbk.)
040 _aDLC
_cDLC
_dDLC
082 0 0 _a700.904
_bW214a
100 _aWallis, Brian; Tucker,Marcia
_91543
110 _aThe New Museum Of Contemporary Art
_91544
245 0 0 _aArt after modernism :
_brethinking representation /
_cedited and with an introduction by Brian Wallis ; foreword by Marcia Tucker.
260 _aNew York :
_bNew Museum of Contemporary Art ;
_aBoston :
_bD.R. Godine,
_c1984.
300 _axviii, 461 p. :
_bill. ;
_c25 cm.
440 0 _aDocumentary sources in contemporary art ;
_v[v. 1]
_91545
500 _aIncludes index.
504 _aBibliography: p. 435-445.
650 0 _aPostmodernism.
_91309
650 0 _aArts, Modern
_y20th century.
_91546
700 1 _aWallis, Brian,
_d1953-
_91547
906 _a7
_bcbc
_corignew
_d1
_eocip
_f19
_gy-gencatlg
999 _c325
_d325